[Event "Oberliga Wuerttemberg 1516"]
[Site "Wuerttemberg"]
[Date "2016.03.13"]
[Round "8.6"]
[White "Tran, Thanh Kien"]
[Black "Foisor, Ovidiu Doru"]
[Result "0-1"]
[WhiteElo "2085"]
[BlackElo "2360"]
[PlyCount "116"]
[EventDate "2015.09.20"]
[EventType "team-tourn"]
[EventRounds "9"]
[EventCountry "GER"]
[SourceTitle "EXT 2019"]
[Source "ChessBase"]
[SourceDate "2018.10.10"]
[SourceVersion "1"]
[SourceVersionDate "2018.10.10"]
[SourceQuality "1"]
[WhiteTeam "Boeblingen"]
[BlackTeam "Deizisau"]
[WhiteTeamCountry "GER"]
[BlackTeamCountry "GER"]

1. e4 c5 2. Nf3 a6 3. Nc3 b5 4. d4 cxd4 5. Nxd4 b4 6. Nb1 Bb7 7. Bd3 e5 8. Nf5 d5 9. exd5 Qxd5 10. Ne3 Qc6 11. Nd2 Nf6 12. Nec4 Qxg2 13. Rf1 Nbd7 14. Qe2 Bc5 15. Nb3 Bf3 16. Qd2 0-0 17. Qg5 Qxh2 18. Be3 h6 19. Qg3 Qxg3 20. fxg3 Bxe3 21. Rxf3 Bg5 22. Bf5 Rfc8 23. Nd6 Rc6 24. Ne4 g6 25. Bxd7 Nxd7 26. Nxg5 hxg5 27. 0-0-0 Nf6 28. Rdf1 Kg7 29. Na5 Re6 30. Nc4 e4 31. R3f2 Ra7 32. Ne3 Rd7 33. a3 bxa3 34. bxa3 Red6 35. Nc4 Re6 36. Ne3 Rc6 37. Kb2 Rb7+ 38. Ka2 Rc3 39. Nd1 Rc5 40. Rxf6 Rxc2+ 41. Ka1 Rc1+ 42. Ka2 Rxd1 43. Rxf7+ Rxf7 44. Rxd1 e3 45. Re1 Rf3 46. g4 Kf6 47. Kb3 Ke5 48. Kc4 Ke4 49. Kc3 Rf6 50. Kb4 Rc6 51. Ka5 Kf3 52. a4 e2 53. Rb1 Kxg4 54. Rg1+ Kf3 55. Rb1 g4 56. Rb3+ Kf2 57. Rb2 g3 58. Rb4 g2 0-1

[Event "Oberliga Wuerttemberg 1516"]
[Site "Wuerttemberg"]
[Date "2016.01.17"]
[Round "5.6"]
[White "Loehr, Markus"]
[Black "Foisor, Ovidiu Doru"]
[Result "1/2-1/2"]
[WhiteElo "2175"]
[BlackElo "2360"]
[PlyCount "30"]
[EventDate "2015.09.20"]
[EventType "team-tourn"]
[EventRounds "9"]
[EventCountry "GER"]
[SourceTitle "EXT 2019"]
[Source "ChessBase"]
[SourceDate "2018.10.10"]
[SourceVersion "1"]
[SourceVersionDate "2018.10.10"]
[SourceQuality "1"]
[WhiteTeam "Schmiden Cannstatt"]
[BlackTeam "Deizisau"]
[WhiteTeamCountry "GER"]
[BlackTeamCountry "GER"]

1. d4 d5 2. Nf3 Nf6 3. c4 dxc4 4. e3 e6 5. Bxc4 a6 6. a4 c5 7. 0-0 Nc6 8. Qe2 Qc7 9. Rd1 Be7 10. dxc5 Bxc5 11. Nc3 0-0 12. b3 b6 13. Bb2 Bb7 14. Bd3 Nb4 15. Bb1 Rad8 1/2-1/2

[Event "Vaujany op-A 6th"]
[Site "Vaujany"]
[Date "2015.07.15"]
[Round "7"]
[White "Foisor, Ovidiu Doru"]
[Black "Horvath, Jozsef"]
[Result "0-1"]
[WhiteElo "2374"]
[BlackElo "2538"]
[PlyCount "80"]
[EventDate "2015.07.09"]
[EventType "swiss"]
[EventRounds "9"]
[EventCountry "FRA"]
[SourceTitle "EXT 2016"]
[Source "ChessBase"]
[SourceDate "2015.10.08"]
[SourceVersion "1"]
[SourceVersionDate "2015.10.08"]
[SourceQuality "1"]

1. d4 e6 2. c4 Bb4+ 3. Bd2 a5 4. Nc3 Nf6 5. Qc2 d6 6. Nf3 Nc6 7. a3 Bxc3 8. Bxc3 Qe7 9. g3 0-0 10. Bg2 e5 11. d5 Nd8 12. 0-0 a4 13. e4 Nd7 14. Nd2 Nc5 15. f4 f6 16. f5 Bd7 17. Rf2 b6 18. h4 Ndb7 19. Re1 Na5 20. Bf1 Nab3 21. Nf3 g5 22. g4 Rf7 23. Rh2 Rg7 24. hxg5 fxg5 25. Rh5 Rf8 26. Qh2 Be8 27. Rh6 Nd7 28. Bd3 Nbc5 29. Bc2 Rf6 30. Kg2 Rxh6 31. Qxh6 Nf6 32. Kg3 Kh8 33. Bd2 Ng8 34. f6 Nxh6 35. fxe7 Nf7 36. Rf1 h6 37. Ne1 Kh7 38. Rf6 Nh8 39. Nf3 Rf7 40. Rf5 Rxe7 0-1

[Event "Vaujany op 5th"]
[Site "Vaujany"]
[Date "2014.07.13"]
[Round "4.14"]
[White "Veys, Vincent"]
[Black "Foisor, Ovidiu Doru"]
[Result "0-1"]
[WhiteElo "2202"]
[BlackElo "2396"]
[PlyCount "78"]
[EventDate "2014.07.10"]
[EventType "swiss"]
[EventRounds "9"]
[EventCountry "FRA"]
[SourceTitle "EXT 2017"]
[Source "ChessBase"]
[SourceDate "2016.10.25"]
[SourceVersion "1"]
[SourceVersionDate "2016.10.25"]
[SourceQuality "1"]

1. e4 c5 2. Nf3 a6 3. Nc3 b5 4. d4 cxd4 5. Nxd4 Bb7 6. Bd3 e6 7. 0-0 d6 8. Bd2 Nf6 9. Qe2 Nbd7 10. f4 Nc5 11. a3 Be7 12. g4 d5 13. e5 Nfe4 14. b4 Nxd2 15. Qxd2 Ne4 16. Nxe4 dxe4 17. Be2 Rc8 18. c3 0-0 19. Qe3 Qb6 20. Rac1 f6 21. Nf5 Qxe3+ 22. Nxe3 fxe5 23. Ng2 exf4 24. Nxf4 Bg5 25. Nxe6 Bxc1 26. Rxc1 Rf7 27. Nc5 Rd8 28. c4 Rd2 29. Bf1 e3 30. Nxb7 Rxb7 31. Re1 Rd4 32. h3 bxc4 33. Rxe3 Rc7 34. Rc3 Kf7 35. Kf2 Rf4+ 36. Kg2 Ke6 37. a4 Kd5 38. b5 axb5 39. axb5 Rcf7 0-1

[Event "Hastings Masters op 89th"]
[Site "Hastings"]
[Date "2014.01.01"]
[Round "5"]
[White "Tomczak, Jacek"]
[Black "Foisor, Ovidiu Doru"]
[Result "1-0"]
[WhiteElo "2569"]
[BlackElo "2397"]
[PlyCount "69"]
[EventDate "2013.12.28"]
[EventType "swiss"]
[EventRounds "9"]
[EventCountry "ENG"]
[SourceTitle "CBM 158 Extra"]
[Source "ChessBase"]
[SourceDate "2014.02.28"]
[SourceVersion "1"]
[SourceVersionDate "2014.02.28"]
[SourceQuality "1"]

1. e4 c5 2. Nf3 a6 3. c3 e6 4. d4 d5 5. e5 Bd7 6. Bd3 cxd4 7. cxd4 Bb5 8. Bc2 Bb4+ 9. Bd2 a5 10. Nc3 Bxc3 11. Bxc3 Nc6 12. Qd2 Nge7 13. h4 Qb6 14. h5 h6 15. Nh4 Rc8 16. Rh3 Nb4 17. Bb1 Qc7 18. f4 f5 19. exf6 gxf6 20. a3 Nbc6 21. Bg6+ Kd7 22. 0-0-0 f5 23. Re1 Rcf8 24. Rhe3 Rf6 25. g3 Bc4 26. Kb1 b5 27. g4 Rb8 28. g5 Rxg6 29. Nxg6 Nxg6 30. Rxe6 Nxf4 31. Rxh6 Bd3+ 32. Ka1 Be4 33. Rh7+ Ne7 34. Bxa5 Qc4 35. Qxf4 1-0

[Event "Hastings Masters op 89th"]
[Site "Hastings"]
[Date "2013.12.31"]
[Round "4"]
[White "Foisor, Ovidiu Doru"]
[Black "Helmer, Christoph"]
[Result "1-0"]
[WhiteElo "2397"]
[BlackElo "2037"]
[PlyCount "125"]
[EventDate "2013.12.28"]
[EventType "swiss"]
[EventRounds "9"]
[EventCountry "ENG"]
[SourceTitle "CBM 158 Extra"]
[Source "ChessBase"]
[SourceDate "2014.02.28"]
[SourceVersion "1"]
[SourceVersionDate "2014.02.28"]
[SourceQuality "1"]

1. d4 Nf6 2. c4 g6 3. Nf3 Bg7 4. g3 0-0 5. Bg2 d6 6. 0-0 c6 7. Nc3 Qa5 8. Qd2 Qa6 9. b3 d5 10. cxd5 cxd5 11. Ne5 Rd8 12. Bb2 Nc6 13. Rfc1 Nxe5 14. dxe5 Ng4 15. Nxd5 Be6 16. Nxe7+ Kh8 17. Nd5 Bh6 18. e3 Rxd5 19. Bxd5 Rd8 20. h3 Rxd5 21. Qe1 Nxe3 22. fxe3 Qd3 23. Rc3 Qe4 24. Qf2 Kg8 25. Kh2 Bg5 26. Rf1 Rd8 27. h4 Be7 28. Rc2 Qg4 29. Bd4 Qh3+ 30. Kg1 Bd5 31. Qh2 Qg4 32. Qf2 Qe4 33. Kh2 Re8 34. Rc7 h6 35. Qc2 Qg4 36. Rf4 Qe6 37. Qf2 g5 38. Rf5 Be4 39. Rf6 Bxf6 40. Qxf6 Qxf6 41. exf6 g4 42. Re7 Kf8 43. Bxa7 Rxe7 44. Bc5 h5 45. Kg1 Bb1 46. a3 Bc2 47. b4 b5 48. Kf2 Ke8 49. fxe7 Bg6 50. a4 bxa4 51. b5 Bd3 52. b6 Be4 53. Ke1 Kd7 54. Kd2 f6 55. Kc3 Bg6 56. Kb4 Kc6 57. Kxa4 Be8 58. Kb4 Bf7 59. Kc3 Kb7 60. Kd4 Kc6 61. Ke4 Bg6+ 62. Kf4 Kd7 63. e4 1-0

[Event "ROM-chT2"]
[Site "Olanesti"]
[Date "2013.10.15"]
[Round "4.1"]
[White "Foisor, Ovidiu Doru"]
[Black "Posedaru, Bogdan Stefan"]
[Result "1/2-1/2"]
[WhiteElo "2398"]
[BlackElo "2290"]
[PlyCount "25"]
[EventDate "2013.10.12"]
[EventType "team-tourn"]
[EventRounds "9"]
[EventCountry "ROU"]
[SourceTitle "EXT 2014"]
[Source "ChessBase"]
[SourceDate "2013.11.20"]
[SourceVersion "1"]
[SourceVersionDate "2013.11.20"]
[SourceQuality "1"]
[WhiteTeam "Timis Sinandrei"]
[BlackTeam "Ploiesti Conpet"]
[WhiteTeamCountry "ROU"]
[BlackTeamCountry "ROU"]

1. d4 d5 2. c4 e6 3. Nf3 c6 4. Nbd2 f5 5. g3 Nf6 6. Bg2 Bd6 7. Ne5 0-0 8. 0-0 c5 9. Ndf3 cxd4 10. cxd5 Nxd5 11. Qxd4 Nc6 12. Nxc6 bxc6 13. Bd2 1/2-1/2

[Event "ROM-chT2"]
[Site "Olanesti"]
[Date "2013.10.12"]
[Round "1.2"]
[White "Oltean, Liviu Ioan"]
[Black "Foisor, Ovidiu Doru"]
[Result "1/2-1/2"]
[WhiteElo "2348"]
[BlackElo "2398"]
[PlyCount "35"]
[EventDate "2013.10.12"]
[EventType "team-tourn"]
[EventRounds "9"]
[EventCountry "ROU"]
[SourceTitle "EXT 2014"]
[Source "ChessBase"]
[SourceDate "2013.11.20"]
[SourceVersion "1"]
[SourceVersionDate "2013.11.20"]
[SourceQuality "1"]
[WhiteTeam "Cluj Napoca"]
[BlackTeam "Timis Sinandrei"]
[WhiteTeamCountry "ROU"]
[BlackTeamCountry "ROU"]

1. e4 e6 2. d4 d5 3. e5 c5 4. c3 Nc6 5. Nf3 Bd7 6. Be2 Nge7 7. 0-0 cxd4 8. cxd4 Nf5 9. g4 Nh4 10. Nxh4 Qxh4 11. Be3 h5 12. g5 Be7 13. f4 f6 14. Qd2 0-0-0 15. Nc3 fxg5 16. fxg5 Rdf8 17. Rac1 Kb8 18. Rxf8+ 1/2-1/2

[Event "Vaujany op 4th"]
[Site "Vaujany"]
[Date "2013.07.15"]
[Round "5"]
[White "Foisor, Ovidiu Doru"]
[Black "Schoorl, Rob"]
[Result "1/2-1/2"]
[WhiteElo "2400"]
[BlackElo "2340"]
[PlyCount "77"]
[EventDate "2013.07.11"]
[EventType "swiss"]
[EventRounds "9"]
[EventCountry "FRA"]
[SourceTitle "EXT 2014"]
[Source "ChessBase"]
[SourceDate "2013.11.20"]
[SourceVersion "1"]
[SourceVersionDate "2013.11.20"]
[SourceQuality "1"]

1. Nf3 Nf6 2. g3 g6 3. Bg2 Bg7 4. c4 d6 5. d4 0-0 6. 0-0 Nc6 7. Nc3 a6 8. Re1 Rb8 9. Rb1 b5 10. cxb5 axb5 11. b4 e5 12. dxe5 dxe5 13. Be3 Bf5 14. Rc1 Qd7 15. Qxd7 Bxd7 16. Ng5 Nd4 17. Bxd4 exd4 18. Nd5 Nxd5 19. Bxd5 Be5 20. Nf3 Rfe8 21. Red1 Rbc8 22. Nxe5 Rxe5 23. Rxd4 Be6 24. e4 Kf8 25. f4 Bxd5 26. fxe5 Bxa2 27. Rd7 Bc4 28. e6 Bxe6 29. Rdxc7 Ra8 30. R1c5 Ra1+ 31. Kf2 Bc4 32. g4 Rb1 33. g5 Rxb4 34. Rb7 Be6 35. Ke3 Rb2 36. h4 Rh2 37. Rcxb5 Rxh4 38. Ra5 h6 39. gxh6 1/2-1/2

[Event "Vaujany op 4th"]
[Site "Vaujany"]
[Date "2013.07.13"]
[Round "3"]
[White "Foisor, Ovidiu Doru"]
[Black "Grimm, Daniel"]
[Result "1/2-1/2"]
[WhiteElo "2400"]
[BlackElo "2275"]
[PlyCount "59"]
[EventDate "2013.07.11"]
[EventType "swiss"]
[EventRounds "9"]
[EventCountry "FRA"]
[SourceTitle "EXT 2014"]
[Source "ChessBase"]
[SourceDate "2013.11.20"]
[SourceVersion "1"]
[SourceVersionDate "2013.11.20"]
[SourceQuality "1"]

1. d4 d5 2. c4 c6 3. e3 Nf6 4. Nc3 a6 5. Qc2 Nbd7 6. Nf3 e6 7. b3 Bd6 8. Be2 0-0 9. 0-0 Qe7 10. Bb2 e5 11. dxe5 Nxe5 12. cxd5 cxd5 13. Rad1 Rd8 14. Nxd5 Nxd5 15. Rxd5 Nxf3+ 16. Bxf3 Bxh2+ 17. Kxh2 Rxd5 18. Bxd5 Qd6+ 19. f4 Qxd5 20. e4 Qh5+ 21. Kg1 Bd7 22. Rf3 Rc8 23. Rc3 Rxc3 24. Qxc3 f6 25. Qc4+ Qf7 26. Qxf7+ Kxf7 27. Kf2 f5 28. exf5 Bxf5 29. Ke3 g6 30. b4 1/2-1/2

[Event "Vaujany op 4th"]
[Site "Vaujany"]
[Date "2013.07.12"]
[Round "2"]
[White "Juhasz, Armin"]
[Black "Foisor, Ovidiu Doru"]
[Result "0-1"]
[WhiteElo "2223"]
[BlackElo "2400"]
[PlyCount "84"]
[EventDate "2013.07.11"]
[EventType "swiss"]
[EventRounds "9"]
[EventCountry "FRA"]
[SourceTitle "EXT 2014"]
[Source "ChessBase"]
[SourceDate "2013.11.20"]
[SourceVersion "1"]
[SourceVersionDate "2013.11.20"]
[SourceQuality "1"]

1. d4 g6 2. c4 Bg7 3. e4 d6 4. Nc3 Nd7 5. Nf3 e5 6. Be2 c6 7. 0-0 Nh6 8. d5 c5 9. Be3 f6 10. Nd2 0-0 11. Rb1 f5 12. f3 f4 13. Bf2 g5 14. b4 b6 15. bxc5 dxc5 16. a4 a5 17. Qb3 Rf6 18. Rfd1 Rg6 19. Nf1 Bf8 20. d6 Rxd6 21. Rxd6 Bxd6 22. Rd1 Nf7 23. Nb5 Be7 24. Rd2 Qf8 25. Nc7 Rb8 26. Qb5 Nf6 27. Qb2 Bd7 28. Qa1 Rb7 29. Nd5 Nxd5 30. exd5 Nd6 31. Bd3 Bf6 32. Qa2 g4 33. Re2 gxf3 34. Re1 fxg2 35. Nd2 Bf5 36. Bxf5 Nxf5 37. Ne4 Rg7 38. Qb1 Bd8 39. Qb2 Nd4 40. Bxd4 exd4 41. Qb5 f3 42. Nf2 Re7 0-1

[Event "ROM-chT"]
[Site "Mamaia"]
[Date "2012.09.30"]
[Round "9.3"]
[White "Ardelean, George Catalin"]
[Black "Foisor, Ovidiu Doru"]
[Result "1/2-1/2"]
[WhiteElo "2503"]
[BlackElo "2405"]
[PlyCount "45"]
[EventDate "2012.09.22"]
[EventType "tourn"]
[EventRounds "9"]
[EventCountry "ROU"]
[SourceTitle "CBM 150 Extra"]
[Source "ChessBase"]
[SourceDate "2012.10.19"]
[SourceVersion "1"]
[SourceVersionDate "2012.10.19"]
[SourceQuality "1"]
[WhiteTeam "Timisoara Medicina"]
[BlackTeam "Timisoara Sinandrei"]
[WhiteTeamCountry "ROU"]
[BlackTeamCountry "ROU"]

1. e4 e6 2. d3 d5 3. Qe2 Be7 4. Nf3 Nf6 5. g3 c5 6. Bg2 Nc6 7. 0-0 0-0 8. e5 Ne8 9. c4 Nc7 10. Nc3 Rb8 11. b3 b5 12. Rd1 f5 13. cxd5 Nxd5 14. Nxd5 Qxd5 15. d4 cxd4 16. Bb2 Bb7 17. Rac1 Rfd8 18. Qf1 Nxe5 19. Ne1 Qd6 20. Rxd4 Bd5 21. Qe2 Bf6 22. Bxd5 exd5 23. Rcd1 1/2-1/2

[Event "ROM-chT"]
[Site "Mamaia"]
[Date "2012.09.22"]
[Round "1.3"]
[White "Foisor, Ovidiu Doru"]
[Black "Bogdan, Dan"]
[Result "1/2-1/2"]
[WhiteElo "2405"]
[BlackElo "2376"]
[PlyCount "25"]
[EventDate "2012.09.22"]
[EventType "tourn"]
[EventRounds "9"]
[EventCountry "ROU"]
[SourceTitle "CBM 150 Extra"]
[Source "ChessBase"]
[SourceDate "2012.10.19"]
[SourceVersion "1"]
[SourceVersionDate "2012.10.19"]
[SourceQuality "1"]
[WhiteTeam "Timisoara Sinandrei"]
[BlackTeam "Cugir CSO"]
[WhiteTeamCountry "ROU"]
[BlackTeamCountry "ROU"]

1. c4 c5 2. g3 g6 3. Bg2 Bg7 4. Nc3 Nc6 5. e3 Nh6 6. Nge2 Nf5 7. 0-0 0-0 8. b3 d6 9. Bb2 Bd7 10. Rb1 a6 11. a4 Rb8 12. Ne4 e5 13. N4c3 1/2-1/2

[Event "Washington op 1st"]
[Site "Rockville"]
[Date "2012.07.31"]
[Round "7"]
[White "Foisor, Ovidiu Doru"]
[Black "Friedel, Joshua E"]
[Result "1/2-1/2"]
[WhiteElo "2381"]
[BlackElo "2503"]
[PlyCount "91"]
[EventDate "2012.07.28"]
[EventType "swiss"]
[EventRounds "9"]
[EventCountry "USA"]
[SourceTitle "CBM 149 Extra"]
[Source "ChessBase"]
[SourceDate "2012.08.24"]
[SourceVersion "1"]
[SourceVersionDate "2012.08.24"]
[SourceQuality "1"]

1. d4 Nf6 2. c4 e6 3. Nc3 Bb4 4. Qc2 0-0 5. Nf3 c5 6. dxc5 Na6 7. g3 Nxc5 8. Bg2 Nce4 9. Bd2 Nxd2 10. Nxd2 d5 11. a3 Bxc3 12. Qxc3 d4 13. Qd3 e5 14. 0-0 Qe7 15. Rac1 Bg4 16. c5 Rad8 17. Rfe1 Be6 18. b4 Bd5 19. Bxd5 Rxd5 20. e4 dxe3 21. Qxe3 Qe6 22. Nc4 e4 23. f3 exf3 24. Qxf3 Qh3 25. Rcd1 Rxd1 26. Rxd1 h5 27. Nd6 h4 28. Re1 hxg3 29. Qxg3 Qh6 30. Nxb7 Nh5 31. Qg4 Qd2 32. Qe2 Qd4+ 33. Qf2 Qg4+ 34. Qg2 Qh4 35. Qf2 Qg4+ 36. Kh1 f5 37. Qg2 Qh4 38. Rg1 f4 39. Qg4 Qe7 40. Nd6 Qe5 41. Qf3 Nf6 42. Qb3+ Kh7 43. Qh3+ Kg8 44. Qb3+ Kh7 45. Qd3+ Kg8 46. Qb3+ 1/2-1/2

[Event "Washington op 1st"]
[Site "Rockville"]
[Date "2012.07.29"]
[Round "3"]
[White "Foisor, Ovidiu Doru"]
[Black "Gareyev, Timur"]
[Result "0-1"]
[WhiteElo "2381"]
[BlackElo "2658"]
[PlyCount "78"]
[EventDate "2012.07.28"]
[EventType "swiss"]
[EventRounds "9"]
[EventCountry "USA"]
[SourceTitle "CBM 149 Extra"]
[Source "ChessBase"]
[SourceDate "2012.08.24"]
[SourceVersion "1"]
[SourceVersionDate "2012.08.24"]
[SourceQuality "1"]

1. c4 c5 2. g3 g6 3. Bg2 Bg7 4. Nc3 Nc6 5. d3 d6 6. a3 Nf6 7. Rb1 a5 8. Bd2 Bd7 9. Qc1 h5 10. h4 a4 11. Qd1 Na5 12. Nh3 Ra7 13. Nxa4 Nxc4 14. dxc4 Rxa4 15. Bxb7 Rxc4 16. b3 Rd4 17. e3 Rg4 18. Bc3 0-0 19. Ng5 d5 20. Bxf6 exf6 21. Nh3 Be6 22. Nf4 Rxf4 23. gxf4 f5 24. b4 cxb4 25. Qd3 Qc7 26. Ba6 bxa3 27. Qxa3 Bc3+ 28. Ke2 d4 29. Bd3 Bd5 30. Rhc1 Ra8 31. Qb4 Qd8 32. Rxc3 dxc3 33. Qxc3 Qxh4 34. Qe5 Bf3+ 35. Ke1 Kh7 36. Qc7 Bd5 37. Qe5 Qh1+ 38. Kd2 Qf3 39. Kc3 Ra3+ 0-1

[Event "Ascona-B"]
[Site "Ascona"]
[Date "2011.12.09"]
[Round "9"]
[White "Foisor, Ovidiu Doru"]
[Black "Medici, Simone"]
[Result "1-0"]
[WhiteElo "2386"]
[BlackElo "2090"]
[PlyCount "111"]
[EventDate "2011.12.04"]
[EventType "tourn"]
[EventRounds "9"]
[EventCountry "SUI"]
[SourceTitle "CBM 145 Extra"]
[Source "ChessBase"]
[SourceDate "2012.01.03"]
[SourceVersion "1"]
[SourceVersionDate "2012.01.03"]
[SourceQuality "1"]

1. d4 d5 2. c4 c6 3. e3 Nf6 4. Nc3 g6 5. Nf3 Bg7 6. cxd5 cxd5 7. Bb5+ Nc6 8. Ne5 Bd7 9. Qa4 Qc7 10. Nxd7 Qxd7 11. 0-0 0-0 12. Bxc6 Qxc6 13. Qxc6 bxc6 14. Na4 Nd7 15. Bd2 e5 16. dxe5 Bxe5 17. Rac1 Rac8 18. Bb4 Rfe8 19. b3 f5 20. g3 g5 21. Rfd1 f4 22. exf4 gxf4 23. Kg2 Kf7 24. Rc2 Bb8 25. Bc3 Bd6 26. Rd4 Rg8 27. Bd2 fxg3 28. hxg3 h5 29. Be3 Nf6 30. Rh4 Rc7 31. Bd4 Rg5 32. Nc5 a5 33. Nd3 Nd7 34. Be3 Rf5 35. Ra4 Ne5 36. Nxe5+ Rxe5 37. Rxa5 d4 38. Rxe5 Bxe5 39. Bd2 c5 40. Kf3 Ke6 41. Ke4 Bd6 42. f4 Rg7 43. Be1 Rg4 44. Rh2 h4 45. Rxh4 Rxh4 46. gxh4 Kf6 47. a4 Ke6 48. a5 Kd7 49. h5 Ke6 50. a6 Bb8 51. Ba5 Ba7 52. Bc7 Kf7 53. Be5 Kg8 54. f5 Kf7 55. h6 Kg8 56. f6 1-0

[Event "Ascona-B"]
[Site "Ascona"]
[Date "2011.12.07"]
[Round "5"]
[White "Foisor, Ovidiu Doru"]
[Black "Brancaleoni, Maurizio"]
[Result "1-0"]
[WhiteElo "2386"]
[BlackElo "2275"]
[PlyCount "59"]
[EventDate "2011.12.04"]
[EventType "tourn"]
[EventRounds "9"]
[EventCountry "SUI"]
[SourceTitle "CBM 145 Extra"]
[Source "ChessBase"]
[SourceDate "2012.01.03"]
[SourceVersion "1"]
[SourceVersionDate "2012.01.03"]
[SourceQuality "1"]

1. c4 e5 2. g3 Nf6 3. Bg2 h6 4. a3 c6 5. d4 exd4 6. Qxd4 d5 7. Nf3 Be6 8. cxd5 cxd5 9. Nc3 Nc6 10. Qd3 Qd7 11. Bf4 Be7 12. Ne5 Nxe5 13. Bxe5 0-0 14. 0-0 Rfd8 15. Rad1 a6 16. Rd2 Ng4 17. Bd4 Rac8 18. Qb1 b5 19. Rfd1 Qc7 20. e3 b4 21. axb4 Bxb4 22. Qa2 a5 23. Rd3 Ne5 24. Bxe5 Qxe5 25. Nxd5 Kh7 26. Rd4 Bxd5 27. Bxd5 f5 28. Be6 Rxd4 29. exd4 Qc7 30. Bxf5+ 1-0